=LDR 00000nam 2200000 4500 =001 INLIS000000000024612 =005 20130612123204 =008 ***********************************Ind** =035 ##$$0010-061300000024612 =041 ##$$a Ind =082 ##$$a 2X3.131 =090 ##$$a 2X3.131, Sya m =100 ##$$a Syati, Aisyah Bintu =245 ##$$a Manusia dalam presfektif alquran, Aisyah Bintu Syati =260 ##$$a 1999 $b jakarta =300 ##$$a 190 hlm, 21 cm =650 ##$$a Filsafat islam =850 ##$$a NBPNMAT